| 000 | 01189nam a2200289 a 4500 | ||
|---|---|---|---|
| 001 | 82404 | ||
| 003 | BD-RjUL | ||
| 005 | 20231206112718.0 | ||
| 008 | 231205s2008 nyu ||1 | eng u | ||
| 020 | _a9780820497013 | ||
| 035 | _a(BD-RjUL)82404 | ||
| 040 |
_aHUJI _beng _cBD-RjUL |
||
| 041 | 0 | _aeng | |
| 082 |
_223 _a297.83 _bTIM 2008 |
||
| 100 | 1 |
_aTimani, Hussam S. _910345 |
|
| 245 | 1 | 0 |
_aModern intellectual readings of the Kharijites / _cHussam S. Timani. |
| 260 |
_aNew York : _bPeter Lang, _c©2008. |
||
| 300 |
_a144 pages ; _c24 cm. |
||
| 490 | 1 |
_aAmerican university studies. Series VII, Theology and religion ; _vv. 262 |
|
| 504 | _aIncludes bibliographical references (p. [137]-141) and index. | ||
| 505 | 0 | _aIntroduction -- The Kharijites in history -- The Kharijites in modern Arab historiography -- The Kharijites in western literature -- Modern Muslim intellectuals and their Kharijites -- The Kharijites and their contemporary relevance -- Conclusion. | |
| 650 | 4 |
_aKharijites _xHistory _910346 |
|
| 650 | 4 |
_aIslamic sects _xHistory. _910347 |
|
| 830 | 0 |
_aAmerican university studies. _vv. 262. _910348 |
|
| 942 |
_2ddc _cBK |
||
| 999 |
_c82404 _d82404 |
||